000 00420nam a22001457a 4500
999 _c7612
_d7610
005 20210327130842.0
008 210315b ||||| |||| 00| 0 eng d
082 _a346.066
100 _aAIYAR, A.N.
_96466
245 _aREPORTS OF COMPANY CASES INCLUDING CASES OF BANKING AND INSURENCE [VOL-96]
260 _aCHENNAI
_bCOMPANY LAW INSTITUTE OF INDIA
_c1999
300 _a992, i-xl;p
650 _aLAW
_95701
942 _cJRL